00437nam a2200157Ia 4500003000400000008004100004040001600045082001300061100002500074245005600099260005200155300001000207490002500217650001500242650002200257GCL140319s9999 xx 000 0 eng d aGCL / cGCL04a843bN P1 aNIETZSCHE, FRIEDRICH10aPAR-DELA LE BIEN ET LA MEL / cNIETZSCHE, FRIEDRICH a[S.N] : bLIBRAIRE GENERALE FRANCAISE ، c1994 a443 P aLE LIVRE DE POCHEv004aLITERATURE04aFRENCH LITERATURE